A science and religion primer / (Record no. 10190)
[ view plain ]
| 000 -LEADER | |
|---|---|
| fixed length control field | 01522cam a2200325 a 4500 |
| 001 - CONTROL NUMBER | |
| control field | 15430825 |
| 003 - CONTROL NUMBER IDENTIFIER | |
| control field | GBCCL |
| 005 - DATE AND TIME OF LATEST TRANSACTION | |
| control field | 20241126110727.0 |
| 008 - FIXED-LENGTH DATA ELEMENTS--GENERAL INFORMATION | |
| fixed length control field | 080827s2009 miu b 001 0 eng |
| 010 ## - | |
| -- | 2008037973 |
| 020 ## - INTERNATIONAL STANDARD BOOK NUMBER | |
| International Standard Book Number | 9780801031502 (pbk.) |
| 020 ## - INTERNATIONAL STANDARD BOOK NUMBER | |
| International Standard Book Number | 0801031508 (pbk.) |
| 035 ## - SYSTEM CONTROL NUMBER | |
| System control number | (OCoLC)244560687 |
| 035 ## - SYSTEM CONTROL NUMBER | |
| System control number | (OCoLC)ocn244560687 |
| 040 ## - CATALOGING SOURCE | |
| Original cataloging agency | DLC |
| Transcribing agency | DLC |
| Modifying agency | YDXCP |
| -- | IOT |
| -- | LNT |
| -- | C#P |
| -- | DLC |
| 050 00 - | |
| -- | BL240.3 |
| -- | .S349 2009 |
| 082 00 - DEWEY DECIMAL CLASSIFICATION NUMBER | |
| Classification number | 201.65 |
| Edition information | 22 |
| Item number | SCI |
| 245 02 - TITLE STATEMENT | |
| Title | A science and religion primer / |
| Statement of responsibility, etc. | edited by Heidi A. Campbell and Heather Looy. |
| 260 ## - PUBLICATION, DISTRIBUTION, ETC. | |
| Place of publication, distribution, etc. | Grand Rapids, Mich. : |
| Name of publisher, distributor, etc. | Baker Academic, |
| Date of publication, distribution, etc. | c2009. |
| 300 ## - PHYSICAL DESCRIPTION | |
| Extent | 230 p. ; |
| Dimensions | 23 cm. |
| 500 ## - GENERAL NOTE | |
| General note | Includes bibliographical references and index. |
| 505 0# - FORMATTED CONTENTS NOTE | |
| Formatted contents note | Section 1. Introductory essays on science and religion. History of the science/religion dialogue / Peter Harrison -- The role of philosophy in the science/religion dialogue / Nancey Murphy -- Theology's intersection with the science/religion dialogue / Celia Deane-Drummond -- Science and technology in light of religion / Holmes Rolston III -- Section 2. Entries. |
| 650 #0 - SUBJECT ADDED ENTRY--TOPICAL TERM | |
| Topical term or geographic name entry element | Religion and science. |
| 9 (RLIN) | 6213 |
| 700 1# - ADDED ENTRY--PERSONAL NAME | |
| Personal name | Campbell, Heidi, |
| Dates associated with a name | 1970- |
| 9 (RLIN) | 17693 |
| 700 1# - ADDED ENTRY--PERSONAL NAME | |
| Personal name | Looy, Heather, |
| Dates associated with a name | 1961- |
| 9 (RLIN) | 17694 |
| 856 41 - ELECTRONIC LOCATION AND ACCESS | |
| Materials specified | Table of contents only |
| Uniform Resource Identifier | <a href="http://www.loc.gov/catdir/toc/ecip0827/2008037973.html">http://www.loc.gov/catdir/toc/ecip0827/2008037973.html</a> |
| 906 ## - LOCAL DATA ELEMENT F, LDF (RLIN) | |
| a | 7 |
| b | cbc |
| c | orignew |
| d | 1 |
| e | ecip |
| f | 20 |
| g | y-gencatlg |
| 942 ## - ADDED ENTRY ELEMENTS (KOHA) | |
| Source of classification or shelving scheme | Dewey Decimal Classification |
| Koha item type | Books |
| Withdrawn status | Lost status | Source of classification or shelving scheme | Damaged status | Not for loan | Home library | Current Library | Shelving location | Date acquired | Total checkouts | Full call number | Barcode | Date last seen | Copy number | Price effective from | Koha item type |
|---|---|---|---|---|---|---|---|---|---|---|---|---|---|---|---|
| Dewey Decimal Classification | GRACE BIBLE COLLEGE | GRACE BIBLE COLLEGE | Philosophy and Religion | 2024-04-16 | 201.65 SCI | 016741 | 2025-05-01 | c.1 | 2024-04-16 | Books |